00310pab a2200133 454500008004000000100002500040245003300065260000900098300001300107362001100120650001900131650001100150773001500161180718b2007 xxu||||| |||| 00| 0 eng d aJhunjhunwala, Bharat aNo relief for the common man c2007 ap.13,20. a16 Mar aBudget - India aBudget aMainstream